| 000 | 00755nmm a2200265 a 4500 | ||
|---|---|---|---|
| 003 | AR-BaBNM | ||
| 005 | 20251128210719.0 | ||
| 008 | 176120s[199 ||||||||||||||000 | spa|| | ||
| 040 | _cAR-BaBNM | ||
| 100 | 1 | _aMcCan, Robert L. | |
| 245 | 1 | 0 | _aAn outline of the american economy |
| 260 |
_a[United States] _bUnited States Information Agency _c[1992] |
||
| 300 | 0 |
_a212 p. _bil. col. |
|
| 504 | _aContiene referencias bibliográficas | ||
| 650 | 4 | _aECONOMIA INTERNACIONAL | |
| 650 | 4 | _aINDUSTRIA | |
| 650 | 4 | _aMERCADO DE TRABAJO | |
| 650 | 4 | _aORGANIZACION DEL TRABAJO | |
| 650 | 4 | _aDESARROLLO ECONOMICO Y SOCIAL | |
| 651 | 4 | _aEstados Unidos | |
| 700 | 1 | _aPeterson, William H. | |
| 700 | 1 | _aRamsey, Stewart | |
| 942 | _cBK | ||
| 998 | _cNancy | ||
| 999 |
_c16571 _d16571 |
||